00666nam a22001817a 4500003000900000008004100009040007100050082002300121110003500144245005800179260002800237300002700265505012500292650002000417650001400437650001700451650001600468AR-CdUCM190404b           ||||| |||| 00| 0 spa d  aMUNICIPALIDAD PROVINCIAL DEL CUSCOcBIBLIOTECA MUNICIPAL DEL CUSCO  aC / 398.856 /bM79  aUniversidad Nacional del Cuzco  aGuía para la recolección de material folklorico /  aCuzco :bUNSAAC,c1952.  a62 páginas ;c21 cm.  aContenido: Lenguaje -- Literatura oral -- Creencias y superaciones -- Religión filosofía y moral --  Arte popular...  aAntropología.  aFolklore.  aTradiciones.  aCostumbres.